000 00607cam a2200205 i 4500
001 sa 66004263
003 DLC
005 20260227112241.0
008 850313s1965 pk 000 0 urdo
010 _asa 66004263
025 _aPL480: P-U-1319
040 _aDLC
_cDLC
_dDLC
050 0 0 _aPK2173
_b.A18 1965
100 1 _aʻAbdullāh, Sayyid,
_d1906-1986.
245 1 0 _aMīr Amman se ʻAbdulḥaq tak /
_caz Sayyid ʻAbdullāh.
260 _aLāhaur :
_bMajlis-i Taraqqī-yi Adab,
_c[1965]
300 _a352 p. ;
_c21 cm.
546 _aIn Urdu.
650 0 _aUrdu prose literature
_xHistory and criticism.
999 _c69302
_d69302